| 000 | 00700nam a2200265Ia 4500 | ||
|---|---|---|---|
| 008 | 190123s9999 xx 000 0 und d | ||
| 020 | _a9780439750493 | ||
| 050 | _bH797 2002 | ||
| 100 | _aHopkinson, Deborah | ||
| 245 | 0 | _aUnder the quilt of night / | |
| 245 | 0 | _cby Deborah Hopkinson ; illustrated by James E. Ransome. | |
| 260 | _aNew York, New York : | ||
| 260 | _bScholastic, | ||
| 260 | _c2002 | ||
| 300 | _aunpaged : | ||
| 300 | _bcolored illustrations ; | ||
| 300 | _c28cm. | ||
| 500 | _a580L | ||
| 650 | _aAfrican Americans. | ||
| 650 | _aFugitive slaves. | ||
| 650 | _aSlavery. | ||
| 650 | _aUndergroiund railroad. | ||
| 700 | _aRansome, James E. | ||
| 700 | _aTitle. | ||
| 999 |
_c361034 _d361034 |
||